Mladí vedci - bezpečnosť potravinového reťazca X. vedecká konferencia : zborník príspevkov : Košice, 22.-23. november 2017

Podrobná bibliografia
Korporácia: Mladí vedci - bezpečnosť potravinového reťazca Košice, Slovensko (Autor), Národný Kontaktný bod pre vedeckú a technickú spoluprácu s EFSA v Slovenskej republike (Editor)
Médium: Konferenčný príspevok Program E-kniha
Jazyk:slovenčina
čeština
Fyzický popis:1 CD-ROM 12 cm
Vydavateľské údaje: [Bratislava] Ministerstvo pôdohospodárstva a rozvoja vidieka Slovenskej republiky 2017
ISBN:9788089738120
Vydanie:Prvé vydanie
Predmet:

MARC

LEADER 00000nam a2200000 4500
001 vtls011757976
003 SK-MaSNL
005 20260301183228.0
007 co bg auuua
008 180523s2017 xo | fq 100 0 slo
015 |a SNBS2018 
020 |a 9788089738120  |q (elektronická kniha)  |z 9788086738120 
040 |a SNK  |b slo  |c SNK  |e rda 
041 0 |a slo  |a cze 
044 |a xo  |c SK 
072 7 |a 614  |x Verejné zdravie a hygiena  |2 konspekt 
072 7 |a 663  |x Priemysel nápojov. Kvasný priemysel. Priemysel pochutín  |2 konspekt 
080 |a 614.31:663/664  |2 2011 
080 |a 663/664  |2 2011 
080 |a 543.6:663/664  |2 2011 
080 |a 663/664-021.465  |2 2011 
080 |a (062.534)  |2 2011 
080 |a (0.034.44)  |2 2011 
111 2 |a Mladí vedci - bezpečnosť potravinového reťazca  |n (10. :  |d 2017 :  |c Košice, Slovensko)  |4 aut  |9 558213 
245 1 0 |a Mladí vedci - bezpečnosť potravinového reťazca  |b X. vedecká konferencia : zborník príspevkov : Košice, 22.-23. november 2017  |c editor: Národný Kontaktný bod pre vedeckú a technickú spoluprácu s EFSA v Slovenskej republike 
250 |a Prvé vydanie 
264 1 |a [Bratislava]  |b Ministerstvo pôdohospodárstva a rozvoja vidieka Slovenskej republiky  |c 2017 
300 |a 1 CD-ROM  |c 12 cm 
336 |a text  |b txt  |2 rdacontent 
337 |a počítač  |b c  |2 rdamedia 
338 |a počítačový disk  |b cd  |2 rdacarrier 
347 |a textový súbor  |b PDF  |2 rda 
500 |a Miesto vydania podľa NA ISBN 
546 |a Text aj v češtine 
650 0 7 |a potravinárstvo  |2 SNKPH  |9 678 
650 0 7 |a bezpečnosť potravín  |2 SNKPH  |9 121769 
650 0 7 |a analýza potravín  |2 SNKPH  |9 26393 
650 0 7 |a kvalita potravín  |2 SNKPH  |9 30955 
650 0 7 |a kontrola potravín  |2 SNKPH  |9 19238 
650 0 7 |a Food industry and trade  |2 SNKPHeng  |9 267198 
650 0 7 |a Food safety  |2 SNKPHeng  |9 319766 
650 0 7 |a Food quality  |2 SNKPHeng  |9 315697 
650 0 7 |a Food analysis  |2 SNKPHeng  |9 82024 
650 0 7 |a Food quality control  |2 SNKPHeng  |9 324768 
655 7 |a zborníky konferencií  |2 SNKPH  |9 70153 
655 7 |a CD-ROM  |2 SNKPH  |9 70236 
655 7 |a Proceedings of conferences  |2 SNKPHeng  |9 265791 
710 2 |a Národný Kontaktný bod pre vedeckú a technickú spoluprácu s EFSA v Slovenskej republike  |4 edt  |9 345565 
919 |a 978-80-89738-12-0 
999 |c 856255  |d 858185 
952 |a SNK  |b SNK  |y NEVYP  |7 1  |p 17A1330721  |o snkSCDM 9901  |i snk2018/11236  |8 0  |0 0  |1 0  |4 0  |d 2018-05-23  |l 0  |r 2026-02-24 04:56:57  |w 2026-02-24